| 000 | 00511nam a22001817a 4500 | ||
|---|---|---|---|
| 005 | 20251108170756.0 | ||
| 008 | 250721s1997 xx 000 0 ara d | ||
| 082 | 1 | 4 | _a158.26/ليل |
| 100 | 1 | _aليلاند، كارين | |
| 245 | 1 | 0 | _aخدمة العملاء للمبتدئين / |
| 264 | 1 |
_aالرياض : _bمكتبة جرير، _c1997. |
|
| 300 | _a296ص | ||
| 650 | 1 | 7 | _aعلم النفس |
| 650 | 1 | 7 | _aعلاقات العمل |
| 700 | 1 | _aبيالي، كيث | |
| 942 |
_2ddc _cBK |
||
| 999 |
_c48706 _d48706 |
||